[Event "Moscow Open 2009"]
[Site "?"]
[Date "2009.02.07"]
[Round "8.56"]
[White "Kisteneva, Liza"]
[Black "Pischurina, Ekaterina"]
[Result "0-1"]
[WhiteElo "1790"]
[BlackElo "1991"]
[Annotator ""]
[Source ""]
[Remark ""]

1.Nf3 c5 2.c4 Nc6 3.Nc3 g6 4.g3 Bg7 5.Bg2 e6 6.b3 Nge7 7.Bb2
O-O 8.O-O d5 9.d3 a6 10.Qc2 d4 11.Ne4 b6 12.a3 f5 13.Ned2 Bb7
14.Ng5 Qd7 15.Rab1 h6 16.Ngf3 g5 17.h3 Ng6 18.b4 g4 19.hxg4 fxg4
20.Nh2 cxb4 21.axb4 h5 22.Ba3 Rf5 23.Ne4 Rc8 24.Rfc1 Nce5 25.Qb3
Nf7 26.c5 Bd5 27.Qb2 b5 28.Qa1 Ng5 29.Nd6 Bxg2 30.Nxf5 Qc6 31.f3
gxf3 32.exf3 Bxf3 33.Nxf3 Nxf3+ 34.Kf2 exf5 35.Qa2+ Kf8 36.Qe2
Nge5 37.Bb2 Ng4+ 38.Kf1 Nd2+ 39.Kg1 Nf3+ 40.Kf1 Re8 41.Qd1 Ne3+
42.Kf2 Nxd1+ 43.Rxd1 0-1

[Event "Moscow Open 2009"]
[Site "?"]
[Date "2009.02.07"]
[Round "8.69"]
[White "Lisachenko, Natalia"]
[Black "Vanchikova, Dulma"]
[Result "1-0"]
[WhiteElo "1920"]
[BlackElo "1799"]
[Annotator ""]
[Source ""]
[Remark ""]

1.d4 d5 2.c4 dxc4 3.e3 Nf6 4.Bxc4 a6 5.Nf3 Bg4 6.O-O e6 7.b3
Be7 8.Bb2 O-O 9.Nc3 h6 10.Qe2 Nh7 11.h3 Bh5 12.Ne4 b5 13.Bd3
Nd7 14.Ng3 Bxf3 15.Qxf3 Ng5 16.Qe2 f5 17.f4 Nh7 18.Rac1 Rc8 19.Rfd1
Ndf6 20.Rc6 Qd5 21.Rxa6 c6 22.Rc1 Ne4 23.Nf1 Nhf6 24.Qc2 Nh5
25.Rxc6 Rb8 26.Rc7 Bh4 27.Bxe4 Qxe4 28.Qxe4 fxe4 29.R7c5 Rf5
30.Rxf5 exf5 31.a3 Rb7 32.Rc5 g6 33.Rc6 Kh7 34.d5 g5 35.fxg5
hxg5 36.d6 Rb8 37.g4 fxg4 38.hxg4 Ng3 39.Nxg3 Bxg3 40.Kg2 Be1
41.Bc3 Bxc3 42.Rxc3 Rd8 43.Rc6 1-0

[Event "Moscow Open 2009"]
[Site "?"]
[Date "2009.02.07"]
[Round "8.70"]
[White "Vasiukova, Renata D"]
[Black "Braun, Elina"]
[Result "0-1"]
[WhiteElo "1574"]
[BlackElo "1880"]
[Annotator ""]
[Source ""]
[Remark ""]

1.c3 d5 2.d3 Nf6 3.h3 c5 4.Nd2 Nc6 5.g4 h6 6.Bg2 e5 7.Qc2 d4
8.c4 Qc7 9.a3 Be6 10.Ne4 Nxe4 11.Bxe4 O-O-O 12.Bd2 g6 13.Bg2
f5 14.g5 hxg5 15.Bxg5 Re8 16.O-O-O Bd7 17.h4 Bg7 18.Nf3 Na5 19.Nd2
Bc6 20.Bxc6 Nxc6 21.Rde1 Rh5 22.e4 f4 23.Nf3 Rhh8 24.Qd1 Kd7
25.Nd2 Kd6 26.Qg4 Qf7 27.Reg1 Kc7 28.f3 a6 29.b3 Rb8 30.Kc2 b5
31.Rb1 a5 32.Rhc1 a4 33.b4 cxb4 34.axb4 Bf6 35.Rh1 bxc4 36.Nxc4
Nxb4+ 37.Kd2 Bxg5 38.Rbc1 Kd8 39.Rb1 Be7 0-1

[Event "Moscow Open 2009"]
[Site "?"]
[Date "2009.02.07"]
[Round "8.72"]
[White "Kaydanovich, Marina"]
[Black "Artemenko, Rimma"]
[Result "1-0"]
[WhiteElo "1843"]
[BlackElo "1579"]
[Annotator ""]
[Source ""]
[Remark ""]

1.e4 c5 2.Nf3 a6 3.d4 cxd4 4.Nxd4 Nf6 5.f3 d6 6.Be3 Nc6 7.Nc3
e5 8.Nb3 Be6 9.Qd2 d5 10.exd5 Nxd5 11.Nxd5 Qxd5 12.O-O-O Rd8
13.Be2 Qxd2+ 14.Rxd2 Rxd2 15.Kxd2 Bb4+ 16.c3 Bxb3 17.axb3 Ba5
18.b4 Bc7 19.b5 axb5 20.Bxb5 Ke7 21.Kc2 Rd8 22.Ra1 Rd5 23.Bd3
h6 24.Be4 Ra5 25.Rd1 Bd6 26.Rd2 Ra1 27.b4 Ra2+ 28.Kb3 Rxd2 29.Bxd2
Ke6 30.Kc4 f5 31.Bd5+ Kd7 32.Be3 g5 33.h3 Bc7 34.b5 Nd8 35.Kb4
b6 36.c4 f4 37.Bg1 Kc8 38.c5 bxc5+ 39.Bxc5 Nb7 40.Bf8 Bd6+ 41.Bxd6
Nxd6 42.Kc5 Kc7 43.Bc6 Nf5 44.Kd5 Ne3+ 45.Kxe5 Nxg2 46.Kf5 Nh4+
47.Kg4 Kb6 48.Kh5 Nxf3 49.Bxf3 Kxb5 50.Kxh6 Kc5 51.Kxg5 Kd6 52.Kg6
Ke7 53.Kg7 1-0

[Event "Moscow Open 2009"]
[Site "?"]
[Date "2009.02.07"]
[Round "8.73"]
[White "Cheniavskaya, Klara"]
[Black "Yakimova, Taisia V"]
[Result "1/2-1/2"]
[WhiteElo "1902"]
[BlackElo "1529"]
[Annotator ""]
[Source ""]
[Remark ""]

1.d4 Nf6 2.Nf3 e6 3.Nbd2 d5 4.c3 Be7 5.e3 b6 6.Ne5 Bb7 7.Bb5+
c6 8.Bd3 Nbd7 9.Nxd7 Qxd7 10.Nf3 Qc7 11.Ne5 O-O 12.O-O c5 13.Ng4
c4 14.Nxf6+ Bxf6 15.Bc2 g6 16.Qf3 Bg7 17.h4 f5 18.g3 Rf6 19.h5
g5 20.Qh1 Rh6 21.f4 g4 22.Rf2 Qf7 23.Rh2 Re8 24.Ba4 Rd8 25.Bc2
a5 26.Ba4 Rc8 27.Bb5 Ra8 28.a4 Rc8 29.Ra3 Rc7 30.Bd2 Bc8 31.Kf2
Bf8 32.Ra2 Bb7 33.Kg2 Bd6 34.Kf2 Qg7 35.Qe1 1/2-1/2

[Event "Moscow Open 2009 C"]
[Site "Moscow"]
[Date "2009.02.08"]
[Round "9.1"]
[White "Pogonina, Natalija"]
[Black "Romanko, Marina"]
[Result "1-0"]
[WhiteElo "2467"]
[BlackElo "2451"]
[Annotator ""]
[Source ""]
[Remark ""]

1.e4 c5 2.Nf3 d6 3.d4 cxd4 4.Nxd4 Nf6 5.Nc3 a6 6.Be2 e5 7.Nb3
Be6 8.O-O Be7 9.Re1 O-O 10.Bf3 h6 11.Be3 Nbd7 12.a4 b6 13.Nd2
Qc7 14.Nf1 Rac8 15.Ng3 Rfd8 16.Re2 Nb8 17.Rd2 Bf8 18.h4 Qb7 19.h5
Be7 20.Nd5 Bxd5 21.exd5 Nbd7 22.Ra3 Re8 23.Qf1 Bf8 24.Ne4 Be7
25.Rb3 Nxe4 26.Bxe4 Nc5 27.Bxc5 Rxc5 28.Qd3 Bg5 29.Rd1 Ra8 30.Qf3
Rc4 31.Qf5 Rb8 32.Rf3 Bf6 33.b3 Rc5 34.Rdd3 Qc7 35.Qh7+ Kf8 36.Rxf6
gxf6 37.Rf3 Ke7 38.Qxh6 Rf8 39.Rxf6 Qd8 40.Bf5 Rxd5 41.Re6+ 1-0

[Event "Moscow Open 2009 C"]
[Site "Moscow"]
[Date "2009.02.08"]
[Round "9.2"]
[White "Matveeva, Svetlana"]
[Black "Gunina, Valentina"]
[Result "1/2-1/2"]
[WhiteElo "2422"]
[BlackElo "2400"]
[Annotator ""]
[Source ""]
[Remark ""]

1.d4 d5 2.c4 c6 3.Nc3 Nf6 4.e3 a6 5.Qc2 g6 6.Nf3 Bf5 7.Qb3 b5
8.cxd5 cxd5 9.Ne5 Nbd7 10.a4 b4 11.Nxd5 Nxe5 12.Nxf6+ exf6 13.dxe5
fxe5 14.Bc4 Qd7 15.O-O Be6 16.Bxe6 Qxe6 17.Qxe6+ fxe6 18.Bd2
a5 19.Rac1 Rd8 20.Rfd1 e4 21.Be1 Rxd1 22.Rxd1 Bg7 23.b3 Ke7 24.f3
exf3 25.gxf3 Rc8 26.Bh4+ Bf6 27.Bxf6+ Kxf6 28.Rd6 Rc2 29.Ra6
Re2 30.Rxa5 Rxe3 31.Kf2 Rxb3 32.Rb5 g5 33.a5 h5 34.a6 Ra3 35.Rxb4
Rxa6 36.h4 Ra5 37.Kg3 Rf5 38.hxg5+ Rxg5+ 39.Kh4 Rf5 40.Kg3 Kg5
41.Re4 e5 42.Re3 Kf6 43.Re4 Rg5+ 44.Kh4 Kg6 45.Re1 Rf5 46.Kg3
Kh6 47.Re2 Kg7 48.Re1 Kf6 49.Re4 Kf7 50.f4 1/2-1/2

[Event "Moscow Open 2009 C"]
[Site "Moscow"]
[Date "2009.02.08"]
[Round "9.3"]
[White "Mongontuul, Bathuyag"]
[Black "Ushenina, Anna"]
[Result "1-0"]
[WhiteElo "2425"]
[BlackElo "2499"]
[Annotator ""]
[Source ""]
[Remark ""]

1.e4 c5 2.Nc3 Nc6 3.g3 g6 4.Bg2 Bg7 5.d3 Rb8 6.Nge2 b5 7.O-O
b4 8.Nd5 e6 9.Ne3 Nge7 10.a3 a5 11.axb4 axb4 12.c3 O-O 13.Bd2
d5 14.exd5 exd5 15.Nf4 d4 16.cxd4 Nxd4 17.Rc1 Rb5 18.Re1 Nec6
19.Nc4 Na5 20.Nxa5 Rxa5 21.Be3 Ba6 22.h4 Bb5 23.Rxc5 Ba4 24.Qc1
Nb3 25.Rxa5 Nxc1 26.Rxa4 Nb3 27.Rxb4 Qa5 28.Nd5 Re8 29.Rd1 Nc5
30.Rc4 Nb3 31.d4 Qa2 32.Nc3 Qxb2 33.Rb1 Qc2 34.Be4 Rxe4 35.Rc8+
Bf8 36.Bh6 1-0

[Event "Moscow Open 2009 C"]
[Site "Moscow"]
[Date "2009.02.08"]
[Round "9.4"]
[White "Paehtz, Elisabeth"]
[Black "Demina, Julia"]
[Result "1/2-1/2"]
[WhiteElo "2455"]
[BlackElo "2361"]
[Annotator ""]
[Source ""]
[Remark ""]

1.e4 c5 2.Nf3 d6 3.d4 cxd4 4.Nxd4 Nf6 5.Nc3 a6 6.Bc4 e6 7.Bb3
b5 8.Bg5 Be7 9.Qf3 Qc7 10.e5 Bb7 11.exd6 Bxd6 12.Qe3 Bc5 13.O-O-O
Nc6 14.Bxf6 gxf6 15.Nd5 Qd8 16.Qf4 Bxd4 17.Rhe1 Rc8 18.c3 h5
19.Kb1 Kf8 20.Ne3 Qc7 21.Qxc7 Rxc7 22.cxd4 Na5 23.Bc2 Nc4 24.Nxc4
Rxc4 25.Bb3 Rc7 26.d5 exd5 27.Bxd5 Bxd5 28.Rxd5 Kg7 29.a3 Rc6
30.Re3 h4 31.Re4 Rh6 32.Rdd4 h3 33.Rg4+ Kf8 34.g3 f5 35.Rg5 Rhe6
36.Rxf5 Re2 37.Rb4 Rcc2 38.Rh5 Rxf2 39.Rxh3 Rxh2 40.Rxh2 Rxh2
41.Re4 Rf2 42.Ka2 Rf3 43.g4 Kg7 44.a4 bxa4 45.Rxa4 Rg3 46.b3
f6 47.Ka3 Kg6 48.Rf4 Kg5 49.Rf5+ Kg6 50.Rf4 Kg5 51.Rf5+ 1/2-1/2

[Event "Moscow Open 2009 C"]
[Site "Moscow"]
[Date "2009.02.08"]
[Round "9.6"]
[White "Girya, Olga"]
[Black "Molchanova, Tatjana"]
[Result "0-1"]
[WhiteElo "2315"]
[BlackElo "2319"]
[Annotator ""]
[Source ""]
[Remark ""]

1.e4 c6 2.d4 d5 3.e5 Bf5 4.c4 dxc4 5.Bxc4 e6 6.Nc3 Bb4 7.Nge2
Bg6 8.O-O Nd7 9.a3 Nb6 10.Ba6 bxa6 11.axb4 Ne7 12.Bg5 h6 13.Bh4
Qd7 14.Bxe7 Qxe7 15.Nf4 Bh7 16.Qb3 O-O 17.Rxa6 Rab8 18.b5 c5
19.Qa3 Rfc8 20.Rxa7 Qg5 21.Nh3 Qf5 22.dxc5 Nc4 23.Qb4 Nxe5 24.Qd4
Rxc5 25.f4 Nd3 26.b6 Bg6 27.b7 Rc7 28.Qb6 Qc5+ 29.Qxc5 Nxc5 30.b4
Nd3 31.b5 Kh7 32.Ra3 Rbxb7 33.g3 Nb4 34.Nf2 Nc2 35.Rb3 Nd4 36.Rfb1
Rxc3 0-1

[Event "Moscow Open 2009 C"]
[Site "?"]
[Date "2009.02.08"]
[Round "9.7"]
[White "Manakova., Maria"]
[Black "Shen, Yang"]
[Result "1/2-1/2"]
[WhiteElo "2299"]
[BlackElo "2448"]
[Annotator ""]
[Source ""]
[Remark ""]

1.e4 e5 2.Nf3 Nc6 3.d4 exd4 4.Nxd4 Nf6 5.Nxc6 bxc6 6.e5 Qe7 7.Qe2
Nd5 8.c4 Nb6 9.Nd2 a5 10.g3 Qe6 11.b3 a4 12.Bb2 Bb4 13.Bg2 O-O
14.O-O d5 15.f4 axb3 16.axb3 Rxa1 17.Bxa1 f5 18.cxd5 cxd5 19.Rc1
Qe7 20.Nf3 c5 21.Bb2 Rd8 22.Qb5 Na8 23.Ne1 Nc7 24.Qc6 Ba6 25.Nc2
Ba5 26.b4 cxb4 27.Nd4 Bc4 28.Ra1 Ra8 29.Nxf5 Qe6 30.Qxe6+ Nxe6
31.Ne7+ Kf7 32.Nxd5 Bxd5 33.Bxd5 Bb6+ 34.Kf1 Rxa1+ 35.Bxa1 Ke7
36.Ke2 g6 37.h3 h5 38.Be4 h4 39.gxh4 Nxf4+ 40.Kf3 Ne6 41.Bxg6
Bd4 42.Bxd4 Nxd4+ 43.Ke4 Nc6 44.h5 Nxe5 45.Kxe5 Kf8 46.Bh7 Kg7 1/2-1/2

[Event "Moscow Open 2009 C"]
[Site "?"]
[Date "2009.02.08"]
[Round "9.8"]
[White "Muzychuk, Anna"]
[Black "Borisova, Elizaveta"]
[Result "1-0"]
[WhiteElo "2540"]
[BlackElo "2270"]
[Annotator ""]
[Source ""]
[Remark ""]

1.e4 c5 2.Nf3 e6 3.d4 cxd4 4.Nxd4 Nc6 5.Nc3 Qc7 6.Be3 a6 7.Qd2
Nf6 8.O-O-O Bb4 9.f3 Ne5 10.Nb3 b5 11.Qe1 Be7 12.f4 Nc4 13.e5
Ng4 14.Bd4 f5 15.h3 Nh6 16.Qf2 Nf7 17.Bxc4 bxc4 18.Bb6 Qb8 19.Na5
d5 20.exd6 Bxd6 21.g3 O-O 22.Nxc4 Bb7 23.Nxd6 Nxd6 24.Bc5 Nc4
25.Qe2 Bd5 26.b3 Rc8 27.Nxd5 Rxc5 28.Qxe6+ Kh8 29.bxc4 1-0

[Event "Moscow Open 2009 C"]
[Site "?"]
[Date "2009.02.08"]
[Round "9.9"]
[White "Repina, Varvara"]
[Black "Muzychuk, Mariya"]
[Result "0-1"]
[WhiteElo "2258"]
[BlackElo "2427"]
[Annotator ""]
[Source ""]
[Remark ""]

1.Nf3 Nf6 2.d4 c5 3.c4 cxd4 4.Nxd4 e5 5.Nb5 d5 6.cxd5 Bc5 7.e3
O-O 8.N5c3 e4 9.Be2 Re8 10.g4 Na6 11.g5 Nd7 12.h4 Nb6 13.Nd2
Bb4 14.Qb3 Bxc3 15.bxc3 Nc5 16.Qb5 Nba4 17.Qc4 Re5 18.Ba3 b5
19.Qxb5 Ba6 20.Qb1 Nxc3 21.Qc2 Nxe2 22.Bxc5 Rxd5 23.Bb4 Bd3 24.Qa4
a5 25.Ba3 Rc8 26.Bb2 Bc2 0-1

[Event "Moscow Open 2009 C"]
[Site "?"]
[Date "2009.02.08"]
[Round "9.10"]
[White "Bodnaruk, Anastasia"]
[Black "Akatova, Ekaterina"]
[Result "0-1"]
[WhiteElo "2384"]
[BlackElo "2261"]
[Annotator ""]
[Source ""]
[Remark ""]

1.e4 d5 2.exd5 Qxd5 3.Nc3 Qd6 4.d4 Nf6 5.Bb5+ c6 6.Be2 Bf5 7.Nf3
e6 8.O-O Be7 9.Ne5 Nbd7 10.f4 h5 11.g3 Nb6 12.Be3 Rd8 13.a3 g6
14.Bf3 Qc7 15.Qe2 Kf8 16.Rad1 Kg7 17.Kg2 Nbd5 18.Nxd5 cxd5 19.Rc1
b5 20.Nd3 a5 21.c3 Qc4 22.Ne5 Qc7 23.Qxb5 Rb8 24.Qe2 Rb3 25.Rcd1
Rhb8 26.Bc1 Be4 27.h3 Bxf3+ 28.Rxf3 Ne4 29.g4 Rh8 30.Rh1 hxg4
31.hxg4 Rxh1 32.Kxh1 Bxa3 33.bxa3 Rxc3 34.Rxc3 Qxc3 35.Qe3 Qc2
36.Kg1 Qd1+ 37.Kg2 Qc2+ 38.Kg1 Qd1+ 39.Kg2 Qc2+ 40.Kh3 Nf2+ 41.Kh4
Ne4 42.Qg1 Nc3 43.Be3 g5+ 44.Kh3 gxf4 45.Bf2 Ne4 46.Kg2 Ng5 47.Qe1
Qb3 48.Qe2 Qh3+ 49.Kg1 f6 50.Be1 fxe5 51.Qxe5+ Kg6 52.Qxf4 Qxa3
53.Kg2 Qh3+ 54.Kg1 Qf3 55.Qb8 Qxg4+ 56.Kf1 Qh3+ 57.Kg1 Qe3+ 58.Kf1
Qd3+ 59.Kg2 Qf3+ 60.Kg1 Nh3+ 61.Kh2 Qf4+ 62.Qxf4 Nxf4 63.Bxa5
Kf5 64.Kg3 Ke4 65.Kf2 Kxd4 0-1

[Event "Moscow Open 2009 C"]
[Site "?"]
[Date "2009.02.08"]
[Round "9.11"]
[White "Grabuzova, Tatiana"]
[Black "Drozdova, Dina"]
[Result "1-0"]
[WhiteElo "2332"]
[BlackElo "2175"]
[Annotator ""]
[Source ""]
[Remark ""]

1.d4 Nf6 2.c4 d6 3.Nc3 e5 4.Nf3 Nbd7 5.e4 c6 6.Be2 Be7 7.O-O
O-O 8.Qc2 a6 9.Rd1 Qc7 10.a4 a5 11.h3 exd4 12.Nxd4 Nc5 13.Be3
Re8 14.Nb3 Na6 15.Bf4 Nd7 16.Qd2 Ne5 17.Rac1 Bf8 18.Qd4 Nb4 19.c5
dxc5 20.Nxc5 Nf3+ 21.Bxf3 Qxf4 22.Nd7 Bxd7 23.Qxd7 Rad8 24.Qxb7
Bd6 25.Kf1 f5 26.Qb6 Bc7 27.Qe3 Qh2 28.Rxd8 Bxd8 29.Rd1 Bf6 30.Qc5
fxe4 31.Nxe4 Qe5 32.Nxf6+ gxf6 33.Qxe5 fxe5 34.Be4 Re6 35.Rd7
h6 36.Ra7 1-0

[Event "Moscow Open 2009 C"]
[Site "?"]
[Date "2009.02.08"]
[Round "9.12"]
[White "Bulmaga, Irina"]
[Black "Petrukhina, Irina"]
[Result "1/2-1/2"]
[WhiteElo "2300"]
[BlackElo "1905"]
[Annotator ""]
[Source ""]
[Remark ""]

1.e4 c5 2.Nf3 Nc6 3.Bb5 g6 4.Bxc6 dxc6 5.d3 Bg7 6.h3 Nf6 7.Nc3
Nd7 8.Be3 e5 9.Qd2 h6 10.O-O-O Qe7 11.Nh2 Nf8 12.Ne2 Ne6 13.Rhf1
Nd4 14.f4 Be6 15.Kb1 Nxe2 16.Qxe2 exf4 17.Bxf4 O-O-O 18.Nf3 c4
19.d4 c3 20.b3 Qb4 21.Bc1 Rhe8 22.Qe3 Bf5 23.a3 Qa5 24.b4 Qb6
25.Qxc3 Bxe4 26.Bb2 Rd7 27.Rfe1 f5 28.Ne5 Bxe5 29.dxe5 Qd8 30.Rxd7
Qxd7 31.g4 Rd8 32.gxf5 gxf5 33.Rf1 Qd2 34.Qc5 a6 35.e6 Re8 36.e7
Qg5 37.Be5 Qxe7 38.Bd6 Qe6 39.Bf4 Qd5 40.Qf2 h5 41.Kb2 Rg8 42.h4
Qd7 43.Kb1 b5 44.Qc5 Rg4 45.Be5 Rg8 46.Qb6 Qb7 47.Qe3 Qd7 48.Qh6
Bf3 49.Qf4 Be4 50.Qh6 Bf3 51.Qf4 Be4 1/2-1/2

[Event "Moscow Open 2009 C"]
[Site "?"]
[Date "2009.02.08"]
[Round "9.13"]
[White "Paikidze, Nazi"]
[Black "Tomilova, Elena"]
[Result "0-1"]
[WhiteElo "2280"]
[BlackElo "2300"]
[Annotator ""]
[Source ""]
[Remark ""]

1.e4 c5 2.Nf3 d6 3.d4 cxd4 4.Nxd4 Nf6 5.Nc3 a6 6.Bg5 e6 7.f4
Qc7 8.Qf3 b5 9.Bd3 b4 10.Nce2 Nbd7 11.O-O-O Bb7 12.Kb1 Nc5 13.Bxf6
gxf6 14.f5 e5 15.Nb3 a5 16.Bb5+ Ke7 17.Nxc5 Qxc5 18.Ba4 Bh6 19.Bb3
Qe3 20.Qh5 Rhf8 21.Rhe1 Qg5 22.Qf3 Ba6 23.Ba4 Rg8 24.Qb3 Bb7
25.Qd3 Rgd8 26.Qb5 Bxe4 27.Nd4 Qxg2 28.Qb6 Kf8 29.Rg1 Qxh2 30.Bc6
Rab8 31.Qa7 exd4 32.Bxe4 Qe5 33.Rg4 Be3 34.Bd3 Qc5 35.Qa6 Rb6
36.Qa7 Rc6 37.Qb7 a4 38.Re4 Rc7 39.Qa6 a3 40.Qa4 Ra7 41.Qb3 d5
42.Rh4 h6 43.Rh3 Rda8 44.Rdh1 axb2 45.Qxb2 Qc3 46.Bb5 Rxa2 47.Qxa2
Rxa2 48.Kxa2 Qxc2+ 49.Ka1 b3 0-1

[Event "Moscow Open 2009 C"]
[Site "?"]
[Date "2009.02.08"]
[Round "9.14"]
[White "Shadrina, Tatiana"]
[Black "Ambartsumova, Karina"]
[Result "1-0"]
[WhiteElo "2416"]
[BlackElo "2227"]
[Annotator ""]
[Source ""]
[Remark ""]

1.e4 c5 2.Nf3 e6 3.d4 cxd4 4.Nxd4 a6 5.c4 Nf6 6.Nc3 Qc7 7.Be2
Be7 8.O-O d6 9.Be3 O-O 10.f3 Nbd7 11.a4 b6 12.a5 Bb7 13.Qd2 Rfd8
14.Rfc1 bxa5 15.Nb3 Nc5 16.Nxa5 d5 17.cxd5 exd5 18.exd5 Bxd5
19.Nxd5 Rxd5 20.Qc3 Bd6 21.Kf1 Re8 22.Bc4 Nce4 23.fxe4 Nxe4 24.Bxd5
Nxc3 25.Rxc3 Qb8 26.Nc4 Bb4 27.Rb3 Qb5 28.Ra5 Bxa5 29.Rxb5 axb5
30.Bc6 Re6 31.Bxb5 Bb4 32.Kf2 Kf8 33.Nb6 f6 34.Nd5 Bd6 35.h3
Re5 36.Bc4 Re4 37.b3 Ke8 38.Kf3 f5 39.g4 1-0

[Event "Moscow Open 2009 C"]
[Site "?"]
[Date "2009.02.08"]
[Round "9.15"]
[White "Zhukova, Natalia"]
[Black "Ivkina, Olga"]
[Result "1-0"]
[WhiteElo "2490"]
[BlackElo "2268"]
[Annotator ""]
[Source ""]
[Remark ""]

1.e4 e6 2.d4 d5 3.Nc3 Bb4 4.e5 c5 5.a3 Bxc3+ 6.bxc3 Ne7 7.Qg4
O-O 8.Bd3 Nbc6 9.Qh5 Ng6 10.Nh3 Nce7 11.O-O c4 12.Be2 f5 13.exf6
Rxf6 14.Bg5 Rf8 15.Bg4 Qd6 16.Bxe7 Nxe7 17.Rfe1 Nf5 18.Re5 Bd7
19.Bxf5 exf5 20.Rae1 Qxa3 21.Ng5 1-0

[Event "Moscow Open 2009 C"]
[Site "?"]
[Date "2009.02.08"]
[Round "9.16"]
[White "Severiukhina, Zoja"]
[Black "Shumilina, Alexandra"]
[Result "1-0"]
[WhiteElo "2327"]
[BlackElo "2269"]
[Annotator ""]
[Source ""]
[Remark ""]

1.e4 c5 2.Nf3 d6 3.d4 cxd4 4.Nxd4 Nf6 5.Nc3 a6 6.Be3 e5 7.Nb3
Be6 8.f3 Be7 9.Qd2 O-O 10.O-O-O Qc7 11.g4 Rc8 12.Qf2 Nbd7 13.Kb1
a5 14.g5 Nh5 15.Bb5 a4 16.Nxa4 Nc5 17.Naxc5 dxc5 18.c4 b6 19.a4
Nf4 20.h4 g6 21.Rd2 Qa7 22.Rhd1 Rc7 23.Bxf4 exf4 24.Qh2 Rcc8
25.Qxf4 Rd8 26.Qe5 Rxd2 27.Rxd2 Bf8 28.f4 Bg7 29.Qd6 Rc8 30.h5
Qb7 31.Qd3 f6 32.f5 Bf7 33.h6 Bf8 34.Ka2 gxf5 35.exf5 fxg5 36.f6
Bxh6 37.Rh2 Bg6 38.Qd7 Qxd7 39.Bxd7 Rd8 40.Be6+ Kf8 41.Rxh6 Rd6
42.Bd5 Rxf6 43.Rh1 h5 44.a5 bxa5 45.Nxc5 Kg7 46.Nb7 a4 47.c5
Rf5 48.Be4 Bf7+ 49.Ka3 Re5 50.Nd6 Rxc5 51.Kxa4 Bg6 52.b4 Bxe4
53.Nxe4 Re5 54.Rxh5 Rxe4 55.Rxg5+ Kf6 56.Rd5 Ke6 57.Rd1 Re2 58.Ka5
Ra2+ 59.Kb6 Ke7 60.b5 Rb2 61.Kc6 Rc2+ 62.Kb7 Rb2 63.b6 Ra2 64.Kc7
Rc2+ 65.Kb8 Rb2 66.b7 Ra2 67.Rd4 Ra1 68.Kc7 Rc1+ 69.Kb6 Rb1+
70.Kc6 Ke6 71.Re4+ Kf6 72.Re8 1-0

[Event "Moscow Open 2009 C"]
[Site "?"]
[Date "2009.02.08"]
[Round "9.17"]
[White "Pustovoitova, Daria"]
[Black "Lelekova, Olga"]
[Result "0-1"]
[WhiteElo "2314"]
[BlackElo "2222"]
[Annotator ""]
[Source ""]
[Remark ""]

1.e4 d5 2.exd5 Qxd5 3.Nc3 Qd6 4.d4 Nf6 5.Nf3 a6 6.h3 b5 7.Bd3
Bb7 8.Qe2 Nbd7 9.O-O e6 10.Ne4 Qb6 11.c3 Be7 12.Bf4 O-O 13.Ne5
c5 14.Nxd7 Nxd7 15.Be3 Qc6 16.f3 c4 17.Bc2 f5 18.Nd2 e5 19.dxe5
Nxe5 20.Bd4 Ng6 21.Rfe1 Bg5 22.Nf1 Rae8 23.Qd1 Nf4 24.Ne3 Bh4
25.Rf1 Qg6 26.Qd2 Nxh3+ 27.Kh1 Nf4 28.g4 Bg3 29.Bxf5 Qh6+ 30.Kg1
Rxf5 31.gxf5 Qg5 32.Kh1 Qh5+ 33.Kg1 Bxf3 34.Rxf3 Qxf3 0-1

[Event "Moscow Open 2009 C"]
[Site "?"]
[Date "2009.02.08"]
[Round "9.18"]
[White "Suslova, Alena"]
[Black "Savina, Anastasia"]
[Result "0-1"]
[WhiteElo "2147"]
[BlackElo "2297"]
[Annotator ""]
[Source ""]
[Remark ""]

1.e4 c5 2.Nc3 Nc6 3.Nge2 e6 4.d4 cxd4 5.Nxd4 Nf6 6.Ndb5 d6 7.Bf4
e5 8.Bg5 a6 9.Na3 b5 10.Nd5 Be7 11.Bxf6 Bxf6 12.c4 b4 13.Nc2
a5 14.b3 O-O 15.g3 Bg5 16.h4 Bh6 17.Bh3 Be6 18.Nce3 Bxe3 19.Nxe3
Nd4 20.Nc2 Bxh3 21.Rxh3 Qd7 22.Rh2 a4 23.Nxd4 exd4 24.Qxd4 axb3
25.axb3 Rxa1+ 26.Qxa1 Qg4 27.Qd1 Qxe4+ 28.Kf1 Ra8 29.f3 Qe5 30.Kg2
h5 31.Qc2 Ra1 32.Qe4 Qxe4 33.fxe4 Rb1 34.Rh1 Rb2+ 35.Kh3 Kf8
36.Rd1 Ke7 37.Rd5 g6 38.e5 dxe5 39.Rxe5+ Kd6 40.Rb5 Rxb3 41.Rb7
Kc5 42.Rxf7 Rd3 43.Rc7+ Kd4 44.c5 Kc3 45.c6 Kc2 46.Rb7 b3 0-1

[Event "Moscow Open 2009 C"]
[Site "?"]
[Date "2009.02.08"]
[Round "9.19"]
[White "Strutinskaya, Galina N"]
[Black "Kineva, Ekaterina"]
[Result "1-0"]
[WhiteElo "2291"]
[BlackElo "2168"]
[Annotator ""]
[Source ""]
[Remark ""]

1.d4 Nf6 2.c4 g6 3.Nc3 Bg7 4.Nf3 O-O 5.g3 d6 6.Bg2 Nbd7 7.O-O
e5 8.e4 exd4 9.Nxd4 Re8 10.Re1 Nc5 11.b4 Ne6 12.Nb3 Ng4 13.Bd2
Nd4 14.h3 Nxb3 15.axb3 Ne5 16.Re3 Nc6 17.Ra4 f5 18.b5 Nd4 19.Kh2
f4 20.gxf4 Ne6 21.Ne2 Qh4 22.Qe1 Bh6 23.Rg3 Nxf4 24.Nxf4 Bxf4
25.Bxf4 Qxf4 26.Qe3 Rf8 27.Ra2 a5 28.Qxf4 Rxf4 29.Re3 c6 30.bxc6
bxc6 31.e5 dxe5 32.Bxc6 Rb8 33.Kg3 Kg7 34.Rxa5 Rf5 35.Rb5 Rxb5
36.cxb5 e4 37.Rxe4 Rc5 38.Re7+ Kh6 39.Rc7 Rc3+ 40.f3 Bf5 41.b6
Rxb3 42.b7 Rb6 43.Rc8 Rxb7 44.Bxb7 Bxc8 45.Bxc8 1-0

[Event "Moscow Open 2009 C"]
[Site "?"]
[Date "2009.02.08"]
[Round "9.20"]
[White "Fominykh, Maria"]
[Black "Abylkassymova, Raushan"]
[Result "1/2-1/2"]
[WhiteElo "2279"]
[BlackElo "1892"]
[Annotator ""]
[Source ""]
[Remark ""]

1.d4 Nf6 2.Nf3 e6 3.g3 b6 4.Bg2 Bb7 5.O-O Be7 6.c4 O-O 7.Nc3
Ne4 8.d5 Nxc3 9.bxc3 exd5 10.cxd5 Bf6 11.Ba3 Re8 12.Rc1 d6 13.Re1
Nd7 14.Nd4 Ne5 15.Rb1 Qd7 16.Qc2 Nc4 17.Bc1 a5 18.Rd1 a4 19.Rb4
Ne5 20.f4 c5 21.dxc6 Nxc6 22.Nxc6 Bxc6 23.e4 Qc7 24.Be3 b5 25.c4
Qa5 26.a3 Rac8 27.Qb1 Bc3 28.Rxb5 Bxb5 29.cxb5 Rb8 1/2-1/2

[Event "Moscow Open 2009 C"]
[Site "?"]
[Date "2009.02.08"]
[Round "9.21"]
[White "Sysoykina, Lidia"]
[Black "Iljushina, Olga"]
[Result "0-1"]
[WhiteElo "1924"]
[BlackElo "2269"]
[Annotator ""]
[Source ""]
[Remark ""]

1.Nf3 c5 2.g3 Nc6 3.Bg2 e5 4.d3 g6 5.O-O Bg7 6.e4 Nge7 7.Be3
d6 8.c3 O-O 9.d4 exd4 10.cxd4 Qb6 11.dxc5 Qxb2 12.cxd6 Qxa1 13.dxe7
Nxe7 14.Bc5 Re8 15.Bxe7 Rxe7 16.Qd8+ Bf8 17.Qd2 Rc7 18.Qd8 Rd7
19.Qa5 Qb2 20.Ne5 b6 21.Qc3 Qxc3 22.Nxc3 Rd2 23.Rc1 Bc5 24.Nd5
Rxf2 25.Rxc5 Rxg2+ 26.Kxg2 bxc5 27.Kf3 Bb7 28.Nf6+ Kg7 29.Nfd7
Rc8 30.Nc4 Ba6 31.Nd6 Rd8 0-1

[Event "Moscow Open 2009 C"]
[Site "?"]
[Date "2009.02.08"]
[Round "9.22"]
[White "Gaponenko, Inna"]
[Black "Uljianova, Nadezhda"]
[Result "1-0"]
[WhiteElo "2450"]
[BlackElo "2106"]
[Annotator ""]
[Source ""]
[Remark ""]

1.e4 c5 2.Nf3 Nc6 3.d4 cxd4 4.Nxd4 g6 5.Nc3 Bg7 6.Be3 Nf6 7.Bc4
O-O 8.Bb3 Ng4 9.Qxg4 Nxd4 10.Qh4 d6 11.Nd5 Re8 12.O-O Be6 13.c3
Nxb3 14.axb3 Bxd5 15.exd5 a6 16.Bg5 Bf6 17.Ra4 Bxg5 18.Qxg5 e5
19.Qxd8 Raxd8 20.Rb4 Rd7 21.Rb6 f5 22.f3 Kf7 23.c4 e4 24.f4 Rc8
25.Kf2 Rc5 26.Ke3 Ke7 27.Kd4 Rdc7 28.Rc1 a5 29.Rc3 Rd7 30.Rh3
h5 31.Rg3 Kf6 32.Rxd6+ Rxd6 33.Kxc5 Rd7 34.h4 Re7 35.Re3 Rd7
36.Kb5 Ke7 37.Kxa5 Rd6 38.Kb4 Ra6 39.Re1 Ra2 40.Kc3 Kd6 41.b4
b6 42.Re3 1-0

[Event "Moscow Open 2009 C"]
[Site "?"]
[Date "2009.02.08"]
[Round "9.23"]
[White "Vasilkova, Svetlana"]
[Black "Rjanova, Valery"]
[Result "1-0"]
[WhiteElo "2371"]
[BlackElo "2113"]
[Annotator ""]
[Source ""]
[Remark ""]

1.e4 c5 2.Nf3 d6 3.Bb5+ Nd7 4.d4 Ngf6 5.Nc3 a6 6.Bxd7+ Nxd7 7.O-O
e6 8.dxc5 Nxc5 9.Bg5 f6 10.Be3 Qc7 11.Nd4 b5 12.a3 Be7 13.f4
O-O 14.f5 exf5 15.Nxf5 Bxf5 16.exf5 Qc6 17.Bf4 Rac8 18.Re1 Rfe8
19.Qd2 Nd7 20.Re6 Nc5 21.Re2 Nd7 22.Nd5 Ne5 23.Rd1 Bf8 24.c3
Nc4 25.Qc2 Nb6 26.Nxb6 Qxb6+ 27.Kf1 Qc5 28.Rxe8 Rxe8 29.Qd3 a5
30.Qd5+ Kh8 31.Qxc5 dxc5 32.Rd7 Ra8 33.Ke2 Kg8 34.Kd3 b4 35.a4
Ra6 36.Kc4 Rb6 37.Ra7 bxc3 38.bxc3 Rb2 39.Rxa5 Rxg2 40.Bg3 h5
41.Ra8 Kf7 42.a5 h4 43.Bc7 Rg4+ 44.Kb5 Rg2 45.a6 Rb2+ 46.Kc6
Ra2 47.a7 1-0

[Event "Moscow Open 2009 C"]
[Site "?"]
[Date "2009.02.08"]
[Round "9.24"]
[White "Charochkina, Daria"]
[Black "Semenova, Elena"]
[Result "1/2-1/2"]
[WhiteElo "2316"]
[BlackElo "2086"]
[Annotator ""]
[Source ""]
[Remark ""]

1.e4 e5 2.Nf3 Nf6 3.Nc3 Nc6 4.g3 d5 5.exd5 Nxd5 6.Bg2 Nxc3 7.bxc3
Bc5 8.O-O O-O 9.Qe2 Re8 10.d3 Bf5 11.Rb1 Bb6 12.Ng5 Qd7 13.Be3
Rad8 14.Ne4 Bh3 15.Bg5 Bxg2 16.Kxg2 Ne7 17.c4 Qc6 18.f3 f6 19.Bd2
Nf5 20.Nc3 Ba5 21.Qf2 Nd4 22.Rb2 b6 23.Nd5 Bxd2 24.Qxd2 Qd7 25.f4
exf4 26.Qxf4 c6 27.Ne3 Qd6 28.Qf2 Qe5 29.Nd1 Qh5 30.c3 Ne6 31.d4
Ng5 32.Kh1 Re6 33.Qg2 Rde8 34.Nf2 Re1 35.Nd3 R8e2 36.Rxe1 Rxg2
37.Rxg2 Qf3 38.Nf4 h5 39.d5 cxd5 40.cxd5 Ne4 41.Kg1 h4 42.Ng6
h3 43.Rge2 Nxg3 44.Ne7+ Kh7 45.hxg3 Qxg3+ 46.Kh1 g5 47.Rf1 Qd3
48.Rff2 g4 49.Nf5 g3 50.Nxg3 Qxg3 51.Rxf6 Qxc3 52.Rf5 Qd3 53.Rfe5
Kg6 54.Kh2 a5 55.Re6+ Kf7 56.d6 Qd5 57.Re7+ Kf6 58.Rf2+ Kg6 59.Rfe2
Kf6 1/2-1/2